Geomagnetic data 1958 : (Record no. 56502)

MARC details
000 -LEADER
fixed length control field 01201nam a2200349 a 4500
001 - CONTROL NUMBER
control field vtls000052454
003 - CONTROL NUMBER IDENTIFIER
control field NLI
005 - DATE AND TIME OF LATEST TRANSACTION
control field 20210601190548.0
008 - FIXED-LENGTH DATA ELEMENTS--GENERAL INFORMATION
fixed length control field 101125s1962 ne a 000 0 eng
039 #9 - LEVEL OF BIBLIOGRAPHIC CONTROL AND CODING DETAIL [OBSOLETE]
-- 201011250511
-- VLOAD
040 ## - CATALOGING SOURCE
Original cataloging agency NLI
Language of cataloging eng
Transcribing agency VTLS
Description conventions AACR2
041 0# - LANGUAGE CODE
Language code of text/sound track or separate title eng
044 ## - COUNTRY OF PUBLISHING/PRODUCING ENTITY CODE
MARC country code ne
082 04 - DEWEY DECIMAL CLASSIFICATION NUMBER
Classification number 538.74
100 1# - MAIN ENTRY--PERSONAL NAME
Personal name Bartels, Julius,
Dates associated with a name 1899-1964
9 (RLIN) 134657
245 10 - TITLE STATEMENT
Title Geomagnetic data 1958 :
Remainder of title rapid variations /
Statement of responsibility, etc. by J. Bartels, A. Romana, and J. Veldkamp
246 03 - VARYING FORM OF TITLE
Title proper/short title Geomagnetic data 1958 etc
260 ## - PUBLICATION, DISTRIBUTION, ETC.
Place of publication, distribution, etc. Amsterdam :
Name of publisher, distributor, etc. North-Holland,
Date of publication, distribution, etc. 1962
300 ## - PHYSICAL DESCRIPTION
Extent vi, 93 p. :
Other physical details ill. ;
Dimensions 22 cm.
440 #0 - SERIES STATEMENT/ADDED ENTRY--TITLE
Title International association of geomagnitism and aeronomy bulletin ;
Volume/sequential designation no. 12 m 2
9 (RLIN) 134658
500 ## - GENERAL NOTE
General note Association of geomagnetism and aeronomy formaly known as association of terrestrial magnetism and electricity
500 ## - GENERAL NOTE
General note Library has 2 cops.
650 #0 - SUBJECT ADDED ENTRY--TOPICAL TERM
Topical term or geographic name entry element Geomagnetism
9 (RLIN) 134659
700 1# - ADDED ENTRY--PERSONAL NAME
Personal name Veldkamp, J.,
Relationship jt. aut
9 (RLIN) 134660
700 1# - ADDED ENTRY--PERSONAL NAME
Personal name Romana, A.,
Relationship jt. aut
9 (RLIN) 134661
887 ## - NON-MARC INFORMATION FIELD
Content of non-MARC field
901 ## - LOCAL DATA ELEMENT A, LDA (RLIN)
a G4724
b 02.11.1962
902 ## - LOCAL DATA ELEMENT B, LDB (RLIN)
a E538.74 B281
906 ## - LOCAL DATA ELEMENT F, LDF (RLIN)
a 0013676A
z 1
949 ## - LOCAL PROCESSING INFORMATION (OCLC)
-- VIRTUAITEM
-- 10000
-- 100
6 GXX000004724ENG
942 ## - ADDED ENTRY ELEMENTS (KOHA)
Source of classification or shelving scheme Dewey Decimal Classification
Koha item type Books
Holdings
Withdrawn status Lost status Damaged status Not for loan Collection code Home library Current library Shelving location Date acquired Total Checkouts Full call number Barcode Date last seen Price effective from Koha item type
        New English National Library of India National Library of India New English - Main Stack Division     E538.74 B281 GXX000004724ENG 01/06/2021 01/06/2021 Books
                                                                           
web counter

Copyright ©2020 The National Library of India, Govt. of India ↔ Hosted by NVLI, MOC ↔ Technology and Design by National Library of India, Ministry of Culture, Govt. of India